Za dlouhých zimních večerů : katalog ke stejnojmenné výstavě /

Hlavní autor: Poláková, Zdena, 1954-
Další autoři: Jelínková, Eva, 1950-2013
Jazyk: Čeština
Vydáno: Brno : Moravské zemské muzeum, Dětské muzeum, 2009
Témata:
Fyzický popis: 20 s. : il. ; 21 cm
Knihy
Uloženo v:
LEADER 02326nam a2200613 a 4500
001 nkc20092012446
003 CZ PrNK
005 20100114145113.0
007 ta
008 091125s2009 xr a e c 000 0 cze
015 |a cnb002012446 
020 |a 978-80-7028-351-6  |q (brož.) 
035 |a (OCoLC)505914920 
040 |a OLA001  |b cze  |d BOA001 
043 |a e-xr--- 
045 |a w-x- 
072 7 |a 398  |x Folklor. Lidové tradice  |2 Konspekt  |9 1 
080 |a 398.3  |2 MRF 
080 |a 398.332.414  |2 MRF 
080 |a 398.332.416  |2 MRF 
080 |a 398.332.47  |2 MRF 
080 |a 394  |2 MRF 
080 |a (437.3)  |2 MRF 
080 |a (083.824)  |2 MRF 
100 1 |a Poláková, Zdena,  |d 1954-  |7 jn20001103342  |4 aut 
245 1 0 |a Za dlouhých zimních večerů :  |b katalog ke stejnojmenné výstavě /  |c [text Zdena Poláková, Eva Jelínková] 
260 |a Brno :  |b Moravské zemské muzeum, Dětské muzeum,  |c 2009 
300 |a 20 s. :  |b il. ;  |c 21 cm 
648 7 |a 19.-20. století  |7 ch757015  |2 czenas 
650 0 7 |a lidové zvyky  |7 ph137518  |z Česko  |2 czenas 
650 0 7 |a advent  |7 ph114004  |z Česko  |2 czenas 
650 0 7 |a adventní zvyky  |7 ph137512  |z Česko  |2 czenas 
650 0 7 |a Vánoce  |7 ph117162  |z Česko  |2 czenas 
650 0 7 |a vánoční zvyky  |7 ph137511  |z Česko  |2 czenas 
650 0 7 |a masopust  |7 ph122658  |z Česko  |2 czenas 
650 0 7 |a masopustní zvyky  |7 ph137513  |z Česko  |2 czenas 
650 0 7 |a každodenní život  |7 ph121555  |z Česko  |y 19.-20. století  |2 czenas 
650 0 9 |a folk customs  |z Czechia  |2 eczenas 
650 0 9 |a advent  |z Czechia  |2 eczenas 
650 0 9 |a advent customs  |z Czechia  |2 eczenas 
650 0 9 |a Christmas  |z Czechia  |2 eczenas 
650 0 9 |a Christmas customs  |z Czechia  |2 eczenas 
650 0 9 |a Shrovetide  |z Czechia  |2 eczenas 
650 0 9 |a Shrovetide customs  |z Czechia  |2 eczenas 
650 0 9 |a everyday life  |z Czechia  |y 19th-20th centuries  |2 eczenas 
655 7 |a katalogy výstav  |7 fd132536  |2 czenas 
655 9 |a exhibition catalogs  |2 eczenas 
700 1 |a Jelínková, Eva,  |d 1950-2013  |7 jn20001103341  |4 aut 
910 2 |a BOA001  |b 2-1233.431 
990 |a BK 
995 |a 01 
991 |b 200912  |c NOV 
996 6 |b 2610404591  |c 2-1233.431  |l MZK  |r Sklad / do 1 hodiny  |n 0  |p p.v.  |w 001098909  |u 000010  |a 1  |e BOA001  |j MZK50  |s P 
996 7 |b 2610404592  |c 2-1233.431  |l MZK  |r Sklad / do 1 hodiny  |n 4  |w 001098909  |u 000020  |a 1  |e BOA001  |j MZK50  |s A